| 000 | 00908nmm a2200277 a 4500 | ||
|---|---|---|---|
| 001 | ocm000785872 | ||
| 003 | TR-IsHL | ||
| 005 | 20201028143553.0 | ||
| 008 | 140417s2011 tu eng | ||
| 007 | cr cn | ||
| 020 | _a9781458193247 | ||
| 035 |
_a785872 _b(N$T) |
||
| 050 | 0 | 4 |
_aQC16.N7 _bU47 2011 |
| 090 | 0 | 4 |
_aQC16.N7 _bU47 2011 |
| 100 | 1 | _aUhrayoğlu, Murat | |
| 245 | 1 | 0 |
_aNewton and his apple & simple Newton physics _h[electronic resource] / _cMurat Uhrayoğlu |
| 260 |
_aİstanbul : _bE-Kitap Projesi, _c2011 |
||
| 300 | _a207 p. | ||
| 650 | 4 | _aFizik | |
| 650 | 4 | _aPhysics | |
| 650 | 0 | _aNewton, Isaac, Sir, 1642-1727. | |
| 650 | 0 |
_aFizik _xBüyük Britanya _xBiyografi |
|
| 650 | 0 |
_aPhysicists _xGreat Britain _xBiography |
|
| 650 | 7 |
_aBIOGRAPHY & AUTOBIOGRAPHY / Medical _2bisacsh |
|
| 856 | 4 | 0 | _uhttp://search.ebscohost.com/login.aspx?direct=true&scope=site&db=e011xww&AN=785872 |
| 999 |
_c8970 _d8970 |
||